000 03156nam a2200205 i 4500
001 170345
003 ES-MaACL
005 20250806054529.0
008 090225s18701880sp |||| | spa d
110 2 _aReal Academia de Medicina de Madrid
_96318
245 1 0 _aDiscursos pronunciados en la Real Academia de Medicina de Madrid
_b: 1870-1880.
260 _aMadrid :
_b[s. n.],
_c1870 (
_eMadrid :
_fImp. Señores Rojas)
300 _a1 v. ;
_c29 cm.
505 8 _aContiene: Discurso.../ Matías Nieto Serrano (10 p.). Influencia de la educación física, moral e intelectual en la salud del cuerpo y en la del espíritu / Victoriano Usera (16 p.). Discurso.../ Félix García Caballero (57 p.). ¿Hasta dónde pueden y deben llevarse las operaciones quirúrgicas... / José Rodríguez Benavides (17 p.). Discurso.../ Eusebio Castelo y Serra (p. 21-30). Discurso.../ Matías Nieto Serrano (12 p.). De la influencia de los climas en la salud del hombre / Ramón Sánchez y Merino (17 p.). Discurso.../ Miguel Colmeiro (11 p.). Discurso.../ Sandalio de Pereda y Martínez (p. 15-24). Discurso.../ José Eugenio Olavide (31 p.). Discurso.../ Mariano Benavente (p. 35-47). La hidropatía española en el siglo XVIII / Mariano Benavente (20 p.). Discurso.../ Matías Nieto Serrano (15 p.). Apuntes sobre las enfermedades internas o propiamente médicas del sitio de San Ildefonso / Manuel Iglesia Díaz (48 p.). Discurso.../ Ramón Félix Capdevila (p. 49-79). Discurso.../ Matías Nieto Serrano (18 p.). Educación / José Seco Baldor (16 p.). Problema relativo al hogar del obrero.../ Rogelio Casas de Batista (29 p.). La habitación del menesteroso, considerada bajo el aspecto higiénico-social / Francisco Méndez Álvaro ( p. 32-105). De la herencia en Medicina y de las enfermedades que se heredan / José Díaz Benito (28 p.). Discurso.../ Santiago Ortega y Cañamero (p. 29-42). Como debe prevenirse las hemorragias en los actos quirúrgicos / Federico Rubio y Gali (27 p.). Discurso.../ José Eugenio Olavide (p. 29-41). Discurso.../ Matías Nieto Serrano (14 p.). Consideraciones médicas sobre el movimiento de la población en general y de España en particular / Sandalio de Pereda y Martínez (15 p.). Discurso.../ Matías Nieto Serrano (14 p.). Sordo-mudez / Basilio San Martín p. 19-53 + 7 gráf.). Los lazos que unen al espíritu con el cerebro / Julián Calleja y Sánchez (20 p.). Discurso.../ Rafael Martínez y Molina (p. 21-42). Discurso.../ Matías Nieto Serrano (12 p.). Discurso.../Juan Vilanova (31). Nutrición / Manuel Prieto y Prieto (18 p.). Discurso.../ Federico Rubio (p.18-30). Discurso.../ Matías Nieto Serrano (15 p.). Discurso.../ Manuel Rico Sinobas (16 p.). Discurso.../ Matías Nieto Serrano (13 p.). Patología / /Joaquín Quintana (p. 18-42). Discurso.../ Matías Nieto Serrano (7 p.). Instituciones hospitalarias / Ramón Félix Capdevila (16 p.)
545 1 _aEl discurso de Mariano Benavente de 1873 tiene ded. autógrafa del autor al Dr. D. Francisco Cortejarena.
650 7 _aMedicina-
_zEspaña-
_yS.XIX
_2
_9147760
852 _aES-MaACL
_9177006
_jK-98
942 _2udc
999 _c170345
_d170345